<?xml version="1.0" encoding="UTF-8"?>
<collection xmlns="http://www.loc.gov/MARC21/slim">
 <record>
  <leader>     na                 </leader>
  <controlfield tag="001">INLIS000000000000374</controlfield>
  <controlfield tag="005">20221116090401</controlfield>
  <datafield tag="035" ind1=" " ind2=" ">
   <subfield code="a">0010-041600000000039</subfield>
  </datafield>
  <datafield tag="040" ind1=" " ind2=" ">
   <subfield code="a">SBPUPAD</subfield>
   <subfield code="b">ind</subfield>
  </datafield>
  <datafield tag="100" ind1="0" ind2=" ">
   <subfield code="a">Yusuf Mansur</subfield>
   <subfield code="c">Ustad</subfield>
   <subfield code="c">Yusuf Mansur</subfield>
   <subfield code="c">Ustad</subfield>
   <subfield code="c">Yusuf Mansur</subfield>
   <subfield code="c">Ustad</subfield>
   <subfield code="c">Yusuf Mansur</subfield>
   <subfield code="c">Ustad</subfield>
  </datafield>
  <datafield tag="245" ind1="0" ind2="0">
   <subfield code="a">Semua Bisa Jadi Pengusaha /</subfield>
   <subfield code="c">Ustad Yusuf Mansur;editor, Abdurrahman</subfield>
  </datafield>
  <datafield tag="250" ind1=" " ind2=" ">
   <subfield code="a">.-cet.1</subfield>
  </datafield>
  <datafield tag="300" ind1=" " ind2=" ">
   <subfield code="a">336 hlm. :</subfield>
   <subfield code="b">illus. ;</subfield>
   <subfield code="c">15x23 cm</subfield>
  </datafield>
  <datafield tag="020" ind1=" " ind2=" ">
   <subfield code="a">978-979-063-792-4</subfield>
  </datafield>
  <datafield tag="041" ind1=" " ind2=" ">
   <subfield code="a">ind</subfield>
  </datafield>
  <datafield tag="082" ind1="1" ind2="4">
   <subfield code="2">[23]</subfield>
   <subfield code="a">297.570.86</subfield>
  </datafield>
  <datafield tag="084" ind1=" " ind2=" ">
   <subfield code="a">297.570.86 YUS s</subfield>
  </datafield>
  <datafield tag="090" ind1=" " ind2=" ">
   <subfield code="b">297.570.86 YUS s 4-7</subfield>
  </datafield>
  <datafield tag="260" ind1="3" ind2=" ">
   <subfield code="a">.--Jakarta :</subfield>
   <subfield code="b">Zikrul Hakim,</subfield>
   <subfield code="c">2012</subfield>
  </datafield>
  <datafield tag="650" ind1=" " ind2="4">
   <subfield code="a">Agama Islam</subfield>
  </datafield>
  <datafield tag="700" ind1="0" ind2=" ">
   <subfield code="a">editor, Abdurrahman</subfield>
  </datafield>
  <datafield tag="850" ind1=" " ind2=" ">
   <subfield code="a">PUPAD</subfield>
  </datafield>
  <datafield tag="990" ind1=" " ind2=" ">
   <subfield code="a">22.233/S/KAPD-PDG/2016</subfield>
  </datafield>
  <datafield tag="990" ind1=" " ind2=" ">
   <subfield code="a">22.234/S/KAPD-PDG/2016</subfield>
  </datafield>
  <datafield tag="990" ind1=" " ind2=" ">
   <subfield code="a">22.235/S/KAPD-PDG/2016</subfield>
  </datafield>
  <datafield tag="990" ind1=" " ind2=" ">
   <subfield code="a">22.236/S/KAPD-PDG/2016</subfield>
  </datafield>
  <datafield tag="990" ind1=" " ind2=" ">
   <subfield code="a">22.237/S/KAPD-PDG/2016</subfield>
  </datafield>
  <datafield tag="990" ind1=" " ind2=" ">
   <subfield code="a">22.238/S/KAPD-PDG/2016</subfield>
  </datafield>
  <datafield tag="990" ind1=" " ind2=" ">
   <subfield code="a">22.239/S/KAPD-PDG/2016</subfield>
  </datafield>
  <datafield tag="990" ind1=" " ind2=" ">
   <subfield code="a">22.240/S/KAPD-PDG/2016</subfield>
  </datafield>
  <datafield tag="990" ind1=" " ind2=" ">
   <subfield code="a">22.241/S/KAPD-PDG/2016</subfield>
  </datafield>
  <datafield tag="990" ind1=" " ind2=" ">
   <subfield code="a">22.242/S/KAPD-PDG/2016</subfield>
  </datafield>
  <datafield tag="990" ind1=" " ind2=" ">
   <subfield code="a">22.243/S/KAPD-PDG/2016</subfield>
  </datafield>
  <datafield tag="990" ind1=" " ind2=" ">
   <subfield code="a">22.244/S/KAPD-PDG/2016</subfield>
  </datafield>
  <datafield tag="990" ind1=" " ind2=" ">
   <subfield code="a">22.233/S/KAPD-PDG/2016</subfield>
  </datafield>
  <datafield tag="990" ind1=" " ind2=" ">
   <subfield code="a">22.236/S/KAPD-PDG/2016</subfield>
  </datafield>
  <datafield tag="990" ind1=" " ind2=" ">
   <subfield code="a">22.239/S/KAPD-PDG/2016</subfield>
  </datafield>
  <datafield tag="990" ind1=" " ind2=" ">
   <subfield code="a">22.234/S/KAPD-PDG/2016</subfield>
  </datafield>
  <datafield tag="990" ind1=" " ind2=" ">
   <subfield code="a">22.242/S/KAPD-PDG/2016</subfield>
  </datafield>
  <datafield tag="990" ind1=" " ind2=" ">
   <subfield code="a">22.233/S/KAPD-PDG/2016</subfield>
  </datafield>
  <datafield tag="990" ind1=" " ind2=" ">
   <subfield code="a">22.236/S/KAPD-PDG/2016</subfield>
  </datafield>
  <datafield tag="990" ind1=" " ind2=" ">
   <subfield code="a">22.239/S/KAPD-PDG/2016</subfield>
  </datafield>
  <datafield tag="990" ind1=" " ind2=" ">
   <subfield code="a">22.234/S/KAPD-PDG/2016</subfield>
  </datafield>
  <datafield tag="990" ind1=" " ind2=" ">
   <subfield code="a">22.242/S/KAPD-PDG/2016</subfield>
  </datafield>
 </record>
</collection>
